Plaques d'immatriculation de l'Europe - Statistiques

Statistiques générales
  • Ce quiz a été pris 219 fois
  • Le résultat moyen est 22 sur 46
Statistiques - réponses
Pays % Correct
France
100%
Autriche
98%
Espagne
97%
Luxembourg
96%
Portugal
96%
Norvège
95%
Italie
94%
Belgique
93%
Suède
93%
Allemagne
92%
Pays-bas
88%
Grèce
85%
Malte
79%
Hongrie
73%
Albanie
63%
Pologne
61%
Roumanie
58%
Liechtenstein
57%
Lituanie
52%
Suisse
46%
Danemark
43%
Islande
39%
Andorre
38%
Finlande
35%
Bulgarie
34%
République tchèque
34%
Estonie
31%
Irlande
31%
Lettonie
30%
Slovénie
30%
Royaume-Uni
26%
Slovaquie
26%
Monaco
24%
Croatie
23%
Russie
23%
Moldavie
21%
Ukraine
21%
Chypre
20%
Kosovo
16%
Serbie
13%
Biélorussie
8%
Bosnie-Herzégovine
8%
Monténégro
4%
Macedoine du nord
3%
Saint-Marin
2%
Vatican
1%
Aucun quiz correspondant
Distribution des résultats
% des personnes avec chaque résultat
Percentile par nombre de réponses
Votre historique - résultats
Vous n’avez pas pris ce quiz